[Event "2. Obert de Tardor Barcelona UGA 2014"]
[Site "Barcelona ESP"]
[Date "2014.10.20"]
[Round "3.14"]
[White "Jesus Hurtado, Ramon Jose"]
[Black "Massoud, Michel"]
[Result "0-1"]
[WhiteElo "1923"]
[BlackElo "1800"]
[PlyCount "36"]
[EventDate "2014.10.06"]
[EventType "swiss"]
[EventRounds "8"]
[EventCountry "ESP"]
[Source "lmi"]
[SourceDate "2014.10.06"]

1. e4 d5 2. d4 dxe4 3. Nc3 Nf6 4. f3 exf3 5. Nxf3 Bf5 6. Bc4 e6 7. O-O c6 8.
Bg5 Be7 9. Ne5 Bg6 10. Ne2 Nbd7 11. Nxg6 hxg6 12. Nf4 Qc7 13. Qf3 O-O-O 14.
Bxe6 fxe6 15. Nxe6 Qxh2+ 16. Kf2 Rde8 17. Bf4 Qh4+ 18. Bg3 Ne4+ 0-1

[Event "2. Obert de Tardor Barcelona UGA 2014"]
[Site "Barcelona ESP"]
[Date "2014.10.20"]
[Round "3.15"]
[White "Real Masdeu, Albert"]
[Black "Garcia Espelta, Josep"]
[Result "1/2-1/2"]
[WhiteElo "2079"]
[BlackElo "2060"]
[PlyCount "66"]
[EventDate "2014.10.06"]
[EventType "swiss"]
[EventRounds "8"]
[EventCountry "ESP"]
[Source "lmi"]
[SourceDate "2014.10.06"]

1. d4 d5 2. Nf3 Nf6 3. c4 c6 4. Nc3 e6 5. Bg5 dxc4 6. e4 b5 7. e5 h6 8. Bh4 g5
9. exf6 gxh4 10. Ne5 Qxf6 11. g3 Bb7 12. Bg2 h3 13. Be4 Bd6 14. Ng4 Qe7 15. O-O
Kd8 16. Re1 Kc8 17. d5 Qc7 18. dxc6 Bxc6 19. Nxb5 Bxb5 20. Bxa8 Bc6 21. Bxc6
Qxc6 22. Ne3 Bc5 23. Qe2 Nd7 24. Qxc4 Ne5 25. Qxc5 Qxc5 26. Rec1 Nf3+ 27. Kf1
Qxc1+ 28. Rxc1+ Kd7 29. Rd1+ Ke7 30. Ke2 Ng5 31. Rd4 f5 32. Rh4 Kf6 33. Ra4 Rb8
1/2-1/2

[Event "2. Obert de Tardor Barcelona UGA 2014"]
[Site "Barcelona ESP"]
[Date "2014.10.20"]
[Round "3.16"]
[White "Maqueda Berdugo, Francisco"]
[Black "Casassas Brosa, Ramon"]
[Result "0-1"]
[WhiteElo "1846"]
[BlackElo "1811"]
[PlyCount "110"]
[EventDate "2014.10.06"]
[EventType "swiss"]
[EventRounds "8"]
[EventCountry "ESP"]
[Source "lmi"]
[SourceDate "2014.10.06"]

1. e4 d6 2. d4 Nf6 3. Nc3 g6 4. f4 Bg7 5. Nf3 O-O 6. Be2 c6 7. O-O b5 8. Bd3
Bg4 9. h3 Bxf3 10. Qxf3 b4 11. Ne2 Nbd7 12. Ng3 e5 13. dxe5 dxe5 14. f5 Nc5 15.
fxg6 hxg6 16. Bg5 Qd4+ 17. Kh1 Nxd3 18. Bxf6 Nf4 19. Rad1 Qxb2 20. Bxg7 Kxg7
21. Ne2 Qxa2 22. g3 Nxe2 23. Qf6+ Kg8 24. Rf3 Qe6 25. Qh4 Kg7 26. Rdf1 f5 27.
exf5 gxf5 28. Qg5+ Qg6 29. Qe7+ Kg8 30. g4 f4 31. Rd1 Nd4 32. Rfd3 a5 33. Qxe5
Nxc2 34. Rd6 Qg7 35. Qh5 Rf6 36. Rxf6 Qxf6 37. Rd7 Rd8 38. g5 Qa1+ 39. Kh2 Rxd7
40. Qe8+ Kg7 41. Qxd7+ Kg6 42. Qxc6+ Kxg5 43. Qxc2 Qc3 44. Qh7 Qg3+ 45. Kh1 b3
46. Qg7+ Kf5 47. Qf7+ Ke4 48. Qb7+ Kd4 49. Qb6+ Kc4 50. Qc6+ Kd3 51. Qb5+ Kc2
52. Qc5+ Qc3 53. Qf5+ Kb2 54. h4 Qc1+ 55. Kh2 Qc2+ 0-1

[Event "2. Obert de Tardor Barcelona UGA 2014"]
[Site "Barcelona ESP"]
[Date "2014.10.20"]
[Round "3.17"]
[White "Dominguez Rodriguez, Gabriel"]
[Black "Permanyer Ugartemendia, Iñaki"]
[Result "0-1"]
[WhiteElo "1802"]
[BlackElo "1872"]
[PlyCount "72"]
[EventDate "2014.10.06"]
[EventType "swiss"]
[EventRounds "8"]
[EventCountry "ESP"]
[Source "lmi"]
[SourceDate "2014.10.06"]

1. e4 c6 2. d4 d5 3. Nc3 dxe4 4. Nxe4 Bf5 5. Ng3 Bg6 6. Nf3 Nd7 7. Nh4 Ngf6 8.
Nxg6 hxg6 9. Be2 Qc7 10. c3 O-O-O 11. Qc2 e5 12. Be3 Nd5 13. O-O-O Nxe3 14.
fxe3 f5 15. Qa4 Kb8 16. Kb1 Be7 17. Nf1 Bg5 18. dxe5 Qxe5 19. h4 Nc5 20. Rxd8+
Rxd8 21. Qc2 Bh6 22. Rh3 Ne4 23. a3 Nf2 24. Rf3 Ng4 25. Qc1 Re8 26. Qe1 Nxe3
27. Nxe3 Bxe3 28. Qg3 Qxg3 29. Rxg3 Bf2 30. Rxg6 Rxe2 31. g3 Re7 32. h5 Be3 33.
g4 fxg4 34. Rxg4 Kc7 35. Rg6 Kd7 36. Kc2 Bh6 0-1

[Event "2. Obert de Tardor Barcelona UGA 2014"]
[Site "Barcelona ESP"]
[Date "2014.10.20"]
[Round "3.18"]
[White "Robla Carreiras, Xavier"]
[Black "Ylla Soro, Rafael"]
[Result "0-1"]
[WhiteElo "1799"]
[BlackElo "1853"]
[PlyCount "79"]
[EventDate "2014.10.06"]
[EventType "swiss"]
[EventRounds "8"]
[EventCountry "ESP"]
[Source "lmi"]
[SourceDate "2014.10.06"]

1. e4 c5 2. Nc3 e6 3. Bc4 a6 4. a4 Nc6 5. d3 Nf6 6. f4 d6 7. Nf3 Be7 8. O-O O-O
9. Ne2 b6 10. Ng3 Bb7 11. f5 d5 12. exd5 exd5 13. Bb3 h6 14. Be3 Qc7 15. Qd2
Bd6 16. Bxh6 Bxg3 17. Qg5 Bxh2+ 18. Nxh2 Ne8 19. f6 Qe5 20. Rf5 Qd4+ 21. Kh1
Bc8 22. Rxd5 Qxf6 23. Rf1 Qxh6 24. Qxh6 gxh6 25. Rh5 Kg7 26. Bd5 Bd7 27. Rh4
Rc8 28. Ng4 Be6 29. Nxh6 Bxd5 30. Nf5+ Kg6 31. Rg4+ Kh5 32. Rgf4 Ne5 33. Ng3+
Kh6 34. Nf5+ Kh7 35. Rh4+ Kg6 36. Ne7+ Kg5 37. Nxc8 Be6 38. Ne7 Nf6 39. g3 Nh5
40. Rf2 0-1

[Event "2. Obert de Tardor Barcelona UGA 2014"]
[Site "Barcelona ESP"]
[Date "2014.10.20"]
[Round "3.19"]
[White "Gonzalez Canovas, Sebastia"]
[Black "Vidal Sànchez, Francesc"]
[Result "1-0"]
[WhiteElo "1840"]
[BlackElo "1733"]
[PlyCount "111"]
[EventDate "2014.10.06"]
[EventType "swiss"]
[EventRounds "8"]
[EventCountry "ESP"]
[Source "lmi"]
[SourceDate "2014.10.06"]

1. d4 Nf6 2. c4 e5 3. Bg5 Bb4+ 4. Bd2 Qe7 5. a3 Bxd2+ 6. Qxd2 exd4 7. Qxd4 Nc6
8. Qh4 a5 9. Nf3 d6 10. e3 Ne5 11. Nxe5 Qxe5 12. Qd4 O-O 13. Qxe5 dxe5 14. Nc3
Bg4 15. h3 Be6 16. O-O-O Rfd8 17. Be2 c6 18. f3 Nd7 19. Na4 Rab8 20. Nc3 Nb6
21. b3 Ra8 22. e4 a4 23. c5 Nd7 24. b4 Bb3 25. Rd6 Nf8 26. Rxd8 Rxd8 27. Bd1
Rd3 28. Nb1 Ne6 29. Bxb3 axb3 30. Rd1 Rxd1+ 31. Kxd1 Nd4 32. Kd2 g6 33. h4 f5
34. Kc3 fxe4 35. fxe4 Kg7 36. Nd2 Kh6 37. Nxb3 Nb5+ 38. Kb2 Kh5 39. a4 Nc7 40.
Nd2 Kg4 41. Nf3 Kf4 42. Kc2 Kxe4 43. Ng5+ Ke3 44. Nxh7 e4 45. Nf8 Kf2 46. Nxg6
e3 47. h5 e2 48. Nf4 Nd5 49. Nxe2 Kxe2 50. h6 Nf6 51. g4 Nh7 52. b5 Ke3 53.
bxc6 bxc6 54. a5 Kd4 55. a6 Kxc5 56. a7 1-0

[Event "2. Obert de Tardor Barcelona UGA 2014"]
[Site "Barcelona ESP"]
[Date "2014.10.27"]
[Round "4.1"]
[White "Castells Briones, Miquel"]
[Black "Canellas Magide, Lluis"]
[Result "1/2-1/2"]
[WhiteElo "2170"]
[BlackElo "2208"]
[PlyCount "136"]
[EventDate "2014.10.06"]
[EventType "swiss"]
[EventRounds "8"]
[EventCountry "ESP"]
[Source "lmi"]
[SourceDate "2014.10.06"]

1. d4 f5 2. Nf3 Nf6 3. g3 g6 4. Bg2 Bg7 5. O-O O-O 6. b3 d6 7. Bb2 Qe8 8. c4 e5
9. dxe5 Ng4 10. h3 Nh6 11. Qd5+ Nf7 12. Nc3 c6 13. Qd2 dxe5 14. e4 Bh6 15. Qd3
Qe7 16. Rad1 f4 17. Nb1 Na6 18. Ba3 Nb4 19. Qd2 a5 20. g4 Rd8 21. Qc3 Be6 22.
Rd2 Rxd2 23. Qxd2 Rd8 24. Qe2 Qd6 25. Nc3 Qd3 26. Bb2 Qxe2 27. Nxe2 Nd3 28. Bc3
b6 29. Rd1 Bg7 30. c5 Nxc5 31. Rxd8+ Nxd8 32. Nxe5 g5 33. Bd4 Nd7 34. Nf3 h6
35. Kf1 c5 36. Bxg7 Kxg7 37. Ke1 Nc6 38. Kd2 Nde5 39. Nc3 Nxf3+ 40. Bxf3 Nd4
41. Bd1 b5 42. Kd3 Kf6 43. Kd2 Ke5 44. f3 c4 45. bxc4 Bxc4 46. a3 b4 47. axb4
axb4 48. Na4 Bb3 49. Nb2 Bxd1 50. Nxd1 Nxf3+ 51. Kd3 Nd4 52. Nf2 b3 53. Kc3
Ne2+ 54. Kxb3 Ng3 55. Kc4 Nxe4 56. Nd3+ Kf6 57. Kd4 Ng3 58. Nf2 Ke6 59. Nd3
Ne2+ 60. Ke4 Ng3+ 61. Kf3 Kd5 62. Nxf4+ gxf4 63. Kxf4 Ne4 64. Kf5 Nf2 65. h4
Nxg4 66. Kxg4 Ke6 67. Kh5 Kf7 68. Kxh6 Kg8 1/2-1/2

[Event "2. Obert de Tardor Barcelona UGA 2014"]
[Site "Barcelona ESP"]
[Date "2014.10.27"]
[Round "4.2"]
[White "Sanchez Criado, Lluis"]
[Black "Rocher Gonzalez, Vicenç"]
[Result "1-0"]
[WhiteElo "2234"]
[BlackElo "2048"]
[PlyCount "35"]
[EventDate "2014.10.06"]
[EventType "swiss"]
[EventRounds "8"]
[EventCountry "ESP"]
[Source "lmi"]
[SourceDate "2014.10.06"]

1. d4 d5 2. Nf3 Nf6 3. g3 g6 4. Bg2 Bg7 5. O-O O-O 6. c4 c6 7. Nc3 Nbd7 8. b3
Re8 9. Bb2 Ne4 10. Nxe4 dxe4 11. Ng5 e5 12. Nxe4 f5 13. Nd6 Re6 14. Nxc8 Qxc8
15. d5 Rd6 16. dxc6 Rxd1 17. cxb7 Rxf1+ 18. Rxf1 1-0

[Event "2. Obert de Tardor Barcelona UGA 2014"]
[Site "Barcelona ESP"]
[Date "2014.10.27"]
[Round "4.3"]
[White "Cano Sevila, Ivan"]
[Black "Cardenas, Fernando Adrian"]
[Result "1/2-1/2"]
[WhiteElo "2010"]
[BlackElo "2171"]
[PlyCount "85"]
[EventDate "2014.10.06"]
[EventType "swiss"]
[EventRounds "8"]
[EventCountry "ESP"]
[Source "lmi"]
[SourceDate "2014.10.06"]

1. b3 d5 2. Bb2 c5 3. e3 Nf6 4. Nf3 e6 5. Bb5+ Bd7 6. Bxd7+ Nbxd7 7. O-O Bd6 8.
d4 O-O 9. Nbd2 cxd4 10. exd4 Rc8 11. c4 Bf4 12. Re1 Qa5 13. g3 Bh6 14. Qe2 Rfe8
15. Red1 Qa6 16. Qf1 Nb6 17. c5 Qxf1+ 18. Kxf1 Nbd7 19. Rac1 Ne4 20. Rc2 f5 21.
Nb1 g6 22. Bc1 Bg7 23. Be3 Rc6 24. b4 b5 25. Nc3 Nxc3 26. Rxc3 Nb6 27. Bf4 h6
28. h4 Nc4 29. Re1 Ra6 30. Rc2 Ra4 31. Rce2 Kf7 32. Rb1 Rc8 33. Ne5+ Bxe5 34.
dxe5 h5 35. Rb3 Rc6 36. Bc1 Rca6 37. a3 Ke7 38. Ree3 Nxe3+ 39. fxe3 Rc6 40. Bd2
Rc8 41. Ke2 Kd7 42. Kf3 g5 43. hxg5 1/2-1/2

[Event "2. Obert de Tardor Barcelona UGA 2014"]
[Site "Barcelona ESP"]
[Date "2014.10.27"]
[Round "4.4"]
[White "Balague Orduña, Enric"]
[Black "Perez Pastora, Evarist"]
[Result "1/2-1/2"]
[WhiteElo "2102"]
[BlackElo "2258"]
[PlyCount "129"]
[EventDate "2014.10.06"]
[EventType "swiss"]
[EventRounds "8"]
[EventCountry "ESP"]
[Source "lmi"]
[SourceDate "2014.10.06"]

1. d4 Nf6 2. Bg5 Ne4 3. Bh4 c5 4. f3 Qa5+ 5. c3 Nf6 6. d5 d6 7. e4 Nbd7 8. Nh3
g6 9. Nd2 Bg7 10. Be2 O-O 11. Nf2 Qc7 12. O-O Rb8 13. a4 b6 14. Nc4 a6 15. Ne3
b5 16. axb5 axb5 17. Qc2 b4 18. cxb4 Rxb4 19. Nd3 Rb8 20. Ra2 Bb7 21. Rfa1 Rfc8
22. Be1 Ra8 23. Rxa8 Bxa8 24. Nc4 Qb8 25. Ra5 e6 26. dxe6 fxe6 27. Bg3 Ne8 28.
Nf4 Bd4+ 29. Bf2 e5 30. Bxd4 cxd4 31. Nd3 Qc7 32. Qa4 Bc6 33. Qa2 Kg7 34. Nb4
Nc5 35. Ra7 Bb7 36. Nd5 Qb8 37. b4 d3 38. Bd1 Ne6 39. Ndb6 Rc7 40. Ra3 Bc6 41.
Rxd3 Bb5 42. Bb3 Bxc4 43. Nxc4 Qxb4 44. Nd2 Nf4 45. Re3 Qd4 46. Nf1 Rc3 47. Kf2
Nd3+ 48. Kg3 Rc7 49. Qd2 Nc5 50. Bd5 Nf6 51. Qa2 Nh5+ 52. Kh3 Nf4+ 53. Kg3 h5
54. Qa8 Nxd5 55. Qxd5 Qxd5 56. exd5 Kf6 57. Nd2 Na4 58. Ne4+ Ke7 59. Kh4 Nb6
60. Rd3 Rc2 61. g3 Rxh2+ 62. Kg5 Rh1 63. Kxg6 h4 64. gxh4 Rxh4 65. Kg5 1/2-1/2

[Event "2. Obert de Tardor Barcelona UGA 2014"]
[Site "Barcelona ESP"]
[Date "2014.10.27"]
[Round "4.6"]
[White "Aprea, Daniele"]
[Black "Albert Cristobal, Jorge"]
[Result "1-0"]
[WhiteElo "2114"]
[BlackElo "1982"]
[PlyCount "70"]
[EventDate "2014.10.06"]
[EventType "swiss"]
[EventRounds "8"]
[EventCountry "ESP"]
[Source "lmi"]
[SourceDate "2014.10.06"]

1. d4 d5 2. c4 Nc6 3. cxd5 Qxd5 4. e3 e5 5. Nc3 Bb4 6. Bd2 Bxc3 7. bxc3 Nf6 8.
f3 e4 9. Qb3 Qd6 10. Qb1 Bf5 11. f4 O-O 12. Ne2 h6 13. Ng3 Bh7 14. Be2 Ne7 15.
Qxb7 Rfb8 16. Qa6 Rb6 17. Qa4 Nf5 18. c4 Qd8 19. Nxf5 Bxf5 20. O-O Rab8 21. Bc3
Bg4 22. Qd1 Bxe2 23. Qxe2 Nh7 24. Qc2 Nf6 25. d5 Qe7 26. Bd4 Ra6 27. Rfb1 Re8
28. Rb7 Nh5 29. Qe2 Qh4 30. Rxc7 Rg6 31. Rb1 Kh7 32. Rxf7 Rd8 33. f5 Rg4 34.
Rbb7 Rd6 35. Rxa7 Nf6 1-0

[Event "2. Obert de Tardor Barcelona UGA 2014"]
[Site "Barcelona ESP"]
[Date "2014.10.27"]
[Round "4.7"]
[White "Gaona Gonzalez, Gerard"]
[Black "Rios Torondell, Jaume"]
[Result "1-0"]
[WhiteElo "2072"]
[BlackElo "2109"]
[PlyCount "89"]
[EventDate "2014.10.06"]
[EventType "swiss"]
[EventRounds "8"]
[EventCountry "ESP"]
[Source "lmi"]
[SourceDate "2014.10.06"]

1. Nf3 d5 2. d3 c5 3. Nbd2 Nf6 4. g3 Nc6 5. Bg2 Bg4 6. h3 Bf5 7. O-O h5 8. Nh4
Qd7 9. Nxf5 Qxf5 10. e4 Qd7 11. f4 dxe4 12. dxe4 Qd4+ 13. Kh1 Ng4 14. Qf3 Qe3
15. Nb3 Qxf3 16. Bxf3 e5 17. Kg2 Nf6 18. c3 O-O-O 19. Be3 b6 20. Rad1 Be7 21.
a4 Rd6 22. Rxd6 Bxd6 23. Nd2 Na5 24. Be2 h4 25. fxe5 Bxe5 26. g4 Rf8 27. Bg5
Rd8 28. Ba6+ Kb8 29. Nf3 Nc6 30. Bb5 Rd6 31. Bxc6 Rxc6 32. Nxe5 Re6 33. Bxf6
gxf6 34. Nd7+ Kb7 35. Nxf6 Ka6 36. g5 b5 37. axb5+ Kxb5 38. b3 a5 39. Rf5 a4
40. bxa4+ Kc4 41. Kf3 Kxc3 42. Rxc5+ Kb4 43. Rc7 Kxa4 44. Rxf7 Rb6 45. Kg4 1-0

[Event "2. Obert de Tardor Barcelona UGA 2014"]
[Site "Barcelona ESP"]
[Date "2014.10.27"]
[Round "4.8"]
[White "Massoud, Michel"]
[Black "Magallanes, Gustavo Javier"]
[Result "1-0"]
[WhiteElo "1800"]
[BlackElo "2118"]
[PlyCount "97"]
[EventDate "2014.10.06"]
[EventType "swiss"]
[EventRounds "8"]
[EventCountry "ESP"]
[Source "lmi"]
[SourceDate "2014.10.06"]

1. d4 Nf6 2. c4 c5 3. d5 b5 4. cxb5 a6 5. bxa6 Bxa6 6. Nc3 d6 7. Nf3 g6 8. g3
Bg7 9. Bg2 O-O 10. Rb1 Nbd7 11. a4 Qb6 12. Qc2 Ng4 13. O-O Rfb8 14. b3 Ra7 15.
Bd2 Rab7 16. h3 Nge5 17. Rfe1 Qd8 18. Ne4 Nb6 19. Nxe5 Bxe5 20. Bc3 Bxc3 21.
Nxc3 Nd7 22. e4 Ne5 23. f4 Nd3 24. Red1 Qb6 25. Kh2 Qa5 26. Rxd3 Bxd3 27. Qxd3
Rxb3 28. Qc2 c4 29. Rc1 Rb2 30. Qd1 R8b3 31. Qd4 Qb4 32. h4 Ra3 33. e5 Rbb3 34.
Ne4 Rxa4 35. exd6 exd6 36. Nf6+ Kf8 37. Nxh7+ Ke8 38. Nf6+ Kd8 39. Ne4 Ra6 40.
Qf6+ Kc8 41. Qxf7 Rb2 42. Qe8+ Kc7 43. Qe7+ Kb8 44. Qd8+ Kb7 45. Qd7+ Kb6 46.
Nxd6 Rxg2+ 47. Kxg2 Ra2+ 48. Kh3 Kc5 49. Rxc4+ 1-0

[Event "2. Obert de Tardor Barcelona UGA 2014"]
[Site "Barcelona ESP"]
[Date "2014.10.27"]
[Round "4.9"]
[White "Sanchez Viana, Jordi"]
[Black "Gonzalez Martin, Fernando"]
[Result "0-1"]
[WhiteElo "1907"]
[BlackElo "2017"]
[PlyCount "80"]
[EventDate "2014.10.06"]
[EventType "swiss"]
[EventRounds "8"]
[EventCountry "ESP"]
[Source "lmi"]
[SourceDate "2014.10.06"]

1. e4 c5 2. Nf3 g6 3. Bc4 Bg7 4. O-O d6 5. c3 Nf6 6. d3 O-O 7. Bf4 e5 8. Bg5
Qe7 9. Bb3 h6 10. Bd2 Nc6 11. a4 Kh7 12. Na3 Bg4 13. h3 Be6 14. Bxe6 fxe6 15.
Nc2 Nh5 16. g3 Rf7 17. Nh2 Raf8 18. Ne3 Nf6 19. Qc1 d5 20. Neg4 Ng8 21. exd5
exd5 22. Ne3 d4 23. Nc2 Qd7 24. cxd4 cxd4 25. Kg2 Qd5+ 26. Kg1 e4 27. Nb4 Nxb4
28. Bxb4 Re8 29. dxe4 Rxe4 30. Qc5 Qxc5 31. Bxc5 b6 32. Bb4 Re2 33. Rab1 a5 34.
Be1 d3 35. Bc3 Nf6 36. Rbe1 Ne4 37. Bxg7 Kxg7 38. Ng4 Nd2 39. Rxe2 dxe2 40. Rc1
Nf3+ 0-1

[Event "2. Obert de Tardor Barcelona UGA 2014"]
[Site "Barcelona ESP"]
[Date "2014.10.27"]
[Round "4.11"]
[White "Pla Carulla, Joaquim"]
[Black "Navarro Oliva, Ivan Tomás"]
[Result "1-0"]
[WhiteElo "1907"]
[BlackElo "1700"]
[PlyCount "59"]
[EventDate "2014.10.06"]
[EventType "swiss"]
[EventRounds "8"]
[EventCountry "ESP"]
[Source "lmi"]
[SourceDate "2014.10.06"]

1. e4 e5 2. Nf3 Nc6 3. Bc4 Nh6 4. c3 Na5 5. Bb3 d6 6. d4 exd4 7. cxd4 g6 8. O-O
Bg4 9. h3 Bd7 10. Nc3 c6 11. Re1 Bg7 12. Bc2 O-O 13. Qd3 b5 14. Bf4 Nb7 15.
Rad1 f5 16. Qd2 Nf7 17. e5 Be6 18. exd6 Re8 19. d5 cxd5 20. Nxd5 Nbxd6 21. Ng5
Nxg5 22. Bxg5 Qd7 23. Ne7+ Kf7 24. Qxd6 Qxd6 25. Rxd6 Rxe7 26. Bxe7 Re8 27.
Rdxe6 Bxb2 28. Bb3 Kg7 29. Bf6+ Kf7 30. Rxe8+ 1-0

[Event "2. Obert de Tardor Barcelona UGA 2014"]
[Site "Barcelona ESP"]
[Date "2014.10.27"]
[Round "4.12"]
[White "Masferrer Andreu, Josep Miquel"]
[Black "Busom Isach, Carlos"]
[Result "0-1"]
[WhiteElo "1862"]
[BlackElo "2286"]
[PlyCount "112"]
[EventDate "2014.10.06"]
[EventType "swiss"]
[EventRounds "8"]
[EventCountry "ESP"]
[Source "lmi"]
[SourceDate "2014.10.06"]

1. d4 d5 2. Nf3 c6 3. e3 Bg4 4. Be2 Nd7 5. Nbd2 e6 6. c3 Ngf6 7. Qc2 Bd6 8. e4
Nxe4 9. Nxe4 dxe4 10. Qxe4 Nf6 11. Qc2 Qc7 12. h3 Bh5 13. Be3 Nd5 14. Bd2 Nf4
15. Bxf4 Bxf4 16. Ng1 Bg6 17. Bd3 O-O-O 18. Bxg6 hxg6 19. Ne2 Bg5 20. Rd1 Be7
21. Rd3 c5 22. O-O g5 23. f4 Kb8 24. fxg5 Bxg5 25. Kh1 Bf6 26. Rfd1 cxd4 27.
Nxd4 a6 28. Ne2 Qe5 29. Nd4 Qf4 30. Qd2 Qxd2 31. R3xd2 Kc7 32. Kg1 Rh5 33. Nf3
Rxd2 34. Rxd2 b5 35. Kf2 Kc6 36. Ke2 Rd5 37. Rxd5 Kxd5 38. Kd3 e5 39. Nd2 Be7
40. g4 g6 41. c4+ bxc4+ 42. Nxc4 f5 43. gxf5 gxf5 44. Ne3+ Ke6 45. a3 e4+ 46.
Kc4 Bg5 47. Kd4 Bf6+ 48. Kc5 Bxb2 49. a4 f4 50. Nc4 Bf6 51. Nd2 Ke5 52. Nc4+
Ke6 53. Nd2 e3 54. Nf3 Kf5 55. Kd5 e2 56. Kc4 Ke4 0-1

[Event "2. Obert de Tardor Barcelona UGA 2014"]
[Site "Barcelona ESP"]
[Date "2014.10.27"]
[Round "4.13"]
[White "Gonzalez Canovas, Sebastia"]
[Black "Real Masdeu, Albert"]
[Result "0-1"]
[WhiteElo "1840"]
[BlackElo "2079"]
[PlyCount "62"]
[EventDate "2014.10.06"]
[EventType "swiss"]
[EventRounds "8"]
[EventCountry "ESP"]
[Source "lmi"]
[SourceDate "2014.10.06"]

1. d4 Nf6 2. c4 g6 3. Nc3 Bg7 4. e4 d6 5. g3 O-O 6. Be3 Nc6 7. d5 Ne5 8. Be2 c6
9. g4 a6 10. g5 Ne8 11. h4 b5 12. h5 bxc4 13. hxg6 hxg6 14. f4 Nd3+ 15. Bxd3
cxd3 16. Qxd3 cxd5 17. exd5 Rb8 18. Qd2 Qa5 19. Nge2 Qb4 20. Rb1 Bf5 21. a3 Qc4
22. Rc1 Nc7 23. Bd4 e5 24. dxe6 Nxe6 25. Bxg7 Kxg7 26. Nd5 Qd3 27. Nf6 Rh8 28.
Rxh8 Rxh8 29. Qxd3 Bxd3 30. Rc6 Bxe2 31. Kxe2 Nd4+ 0-1

[Event "2. Obert de Tardor Barcelona UGA 2014"]
[Site "Barcelona ESP"]
[Date "2014.10.27"]
[Round "4.14"]
[White "Torras Lemos, Marc"]
[Black "Jesus Hurtado, Ramon Jose"]
[Result "1/2-1/2"]
[WhiteElo "1762"]
[BlackElo "1923"]
[PlyCount "110"]
[EventDate "2014.10.06"]
[EventType "swiss"]
[EventRounds "8"]
[EventCountry "ESP"]
[Source "lmi"]
[SourceDate "2014.10.06"]

1. d4 d5 2. c4 Nc6 3. Nf3 Bg4 4. Nc3 Nf6 5. Bf4 e6 6. Ne5 Bb4 7. Nxg4 Nxg4 8.
e3 Nf6 9. Bd3 dxc4 10. Bxc4 O-O 11. Bg5 h6 12. Bh4 g5 13. Bg3 Ne7 14. Qd3 c6
15. O-O Nf5 16. Ne4 Bd6 17. Nxf6+ Qxf6 18. Bxd6 Nxd6 19. f4 Kh8 20. fxg5 Qxg5
21. Bb3 Rg8 22. g3 Nf5 23. e4 Nd6 24. Rf4 Raf8 25. Raf1 Rg7 26. Bxe6 Qg6 27.
Bb3 Nb5 28. Bd1 Rd8 29. Qf3 Nxd4 30. Qg4 Qh7 31. Qh5 f6 32. Rxf6 Qxe4 33. Rxh6+
Rh7 34. Rxh7+ Qxh7 35. Qxh7+ Kxh7 36. Rf7+ Kg6 37. Rxb7 a5 38. h4 Nf5 39. Bc2
Kf6 40. Bxf5 Kxf5 41. Kf2 Rd5 42. h5 Kg4 43. Rb6 Kxh5 44. Rxc6 Rd2+ 45. Kf3 a4
46. g4+ Kh4 47. Rb6 a3 48. bxa3 Rxa2 49. Ra6 Ra1 50. Ra4 Rf1+ 51. Kg2 Ra1 52.
Kf2 Ra2+ 53. Kf3 Ra1 54. Ke4 Kxg4 55. Ke3+ Kf5 1/2-1/2

[Event "2. Obert de Tardor Barcelona UGA 2014"]
[Site "Barcelona ESP"]
[Date "2014.10.27"]
[Round "4.15"]
[White "Menendez Cabrera, Enric"]
[Black "Sanz Ogaya, Mario"]
[Result "0-1"]
[WhiteElo "1721"]
[BlackElo "1891"]
[PlyCount "56"]
[EventDate "2014.10.06"]
[EventType "swiss"]
[EventRounds "8"]
[EventCountry "ESP"]
[Source "lmi"]
[SourceDate "2014.10.06"]

1. e4 c5 2. Nf3 Nc6 3. d4 cxd4 4. Nxd4 Nf6 5. Nc3 g6 6. Bc4 Bg7 7. Be3 Qa5 8.
Qd2 Nxe4 9. Nxc6 Qxc3 10. Qxc3 Bxc3+ 11. bxc3 bxc6 12. Bd4 O-O 13. O-O Nd2 14.
Bb3 Nxf1 15. Kxf1 a5 16. a4 Ba6+ 17. Kg1 d6 18. c4 c5 19. Bc3 Bb7 20. Rd1 Rfd8
21. f3 e6 22. Bf6 Rd7 23. c3 Bc6 24. f4 Rb8 25. Bc2 Rb2 26. Rc1 Kf8 27. g3 Ke8
28. Kf2 Be4 0-1

[Event "2. Obert de Tardor Barcelona UGA 2014"]
[Site "Barcelona ESP"]
[Date "2014.10.27"]
[Round "4.16"]
[White "Permanyer Ugartemendia, Iñaki"]
[Black "Torralba Pérez, Antonio"]
[Result "1/2-1/2"]
[WhiteElo "1872"]
[BlackElo "1786"]
[PlyCount "74"]
[EventDate "2014.10.06"]
[EventType "swiss"]
[EventRounds "8"]
[EventCountry "ESP"]
[Source "lmi"]
[SourceDate "2014.10.06"]

1. d4 f5 2. c4 e6 3. g3 Nf6 4. Bg2 d5 5. cxd5 exd5 6. Nc3 c6 7. a3 Bd6 8. Nf3
O-O 9. O-O Nbd7 10. b4 Ne4 11. Nxe4 fxe4 12. Nd2 Nf6 13. Qb3 Kh8 14. b5 Bg4 15.
f3 exf3 16. exf3 Bf5 17. bxc6 bxc6 18. Qc3 Qd7 19. Nb3 Rae8 20. Na5 c5 21. Nb3
cxd4 22. Nxd4 Rc8 23. Qd2 Bc5 24. Bb2 Bxd4+ 25. Qxd4 Rc2 26. Rac1 Rfc8 27. Rxc2
Rxc2 28. Rf2 Rc5 29. Qe5 h6 30. Rd2 Rc8 31. Bf1 Re8 32. Qf4 Rf8 33. Bc4 Qe7 34.
Bb3 Bh3 35. Qe5 Qc5+ 36. Qd4 Qe7 37. Qe5 Qc5+ 1/2-1/2

[Event "2. Obert de Tardor Barcelona UGA 2014"]
[Site "Barcelona ESP"]
[Date "2014.10.27"]
[Round "4.17"]
[White "Garcia Espelta, Josep"]
[Black "Dominguez Rodriguez, Gabriel"]
[Result "1-0"]
[WhiteElo "2060"]
[BlackElo "1802"]
[PlyCount "73"]
[EventDate "2014.10.06"]
[EventType "swiss"]
[EventRounds "8"]
[EventCountry "ESP"]
[Source "lmi"]
[SourceDate "2014.10.06"]

1. d4 d5 2. Nf3 Nf6 3. c4 e6 4. Nc3 a6 5. Bg5 Bb4 6. Qa4+ Nc6 7. e3 Bxc3+ 8.
bxc3 O-O 9. Bd3 Bd7 10. Qc2 h6 11. Bh4 dxc4 12. Bxc4 b5 13. Bd3 Re8 14. e4 e5
15. d5 Na5 16. Bg3 Nc4 17. Bxc4 bxc4 18. Nxe5 Bc8 19. O-O Nh5 20. Nxc4 Nxg3 21.
hxg3 a5 22. Ne3 Rb8 23. Rfe1 Qf6 24. f3 Bd7 25. Rab1 a4 26. Kf2 a3 27. Qd3 Rb2+
28. Rxb2 axb2 29. Rb1 Rb8 30. Nd1 Bb5 31. Qd4 Qxd4+ 32. cxd4 Bd3 33. Rxb2 Rxb2+
34. Nxb2 Bb5 35. a4 Ba6 36. Ke3 Kf8 37. Nd3 1-0

[Event "2. Obert de Tardor Barcelona UGA 2014"]
[Site "Barcelona ESP"]
[Date "2014.10.27"]
[Round "4.18"]
[White "Vidal Sànchez, Francesc"]
[Black "Maqueda Berdugo, Francisco"]
[Result "1-0"]
[WhiteElo "1733"]
[BlackElo "1846"]
[PlyCount "53"]
[EventDate "2014.10.06"]
[EventType "swiss"]
[EventRounds "8"]
[EventCountry "ESP"]
[Source "lmi"]
[SourceDate "2014.10.06"]

1. d4 d5 2. Nf3 Nf6 3. e3 e6 4. Bd3 Be7 5. Nbd2 Nbd7 6. b3 c5 7. Bb2 Qc7 8. O-O
O-O 9. Ne5 Nxe5 10. dxe5 Nd7 11. f4 g6 12. Rf3 Kg7 13. Rg3 f5 14. exf6+ Bxf6
15. Qc1 Nb6 16. Bxf6+ Rxf6 17. c4 Bd7 18. Nf3 dxc4 19. bxc4 Raf8 20. Ne5 Bc8
21. a4 Nd7 22. Ng4 R6f7 23. Qc3+ Nf6 24. Ne5 Re7 25. Nxg6 hxg6 26. Rxg6+ Kh8
27. Rxf6 1-0